Information technology in the hospitality industry managing people, change and computers

Gespeichert in:
Bibliographische Detailangaben
1. Verfasser: Peacock, Martin
Format: Buch
Sprache:Englisch
Veröffentlicht: London Cassell 1995
Schlagworte:
Tags: Tag hinzufügen
Keine Tags, Fügen Sie das erste Tag hinzu!

MARC

LEADER 00000nam a2200000 4500
001 c132762
005 20221123112457.0
020 |a 0-304-33238-0 
041 0 |a eng 
044 |a GB 
245 1 0 |a Information technology in the hospitality industry  |b managing people, change and computers  |c by Martin Peacock 
264 1 |a London  |b Cassell  |c 1995 
300 |a 119 s. 
610 2 0 |a pohostinstvo 
610 2 0 |a reštaurácie 
610 2 0 |a technológie informačné 
610 2 0 |a počítače 
610 2 0 |a systémy počítačové 
610 2 0 |a zákazníci 
610 2 0 |a manažéri 
610 2 0 |a korporácie 
610 2 0 |a vlastníctvo 
610 2 0 |a štúdie prípadové 
100 1 |a Peacock, Martin